| 000 | 00946cam a2200289 i 4500 | ||
|---|---|---|---|
| 001 | 2720898 | ||
| 003 | ARRUPE | ||
| 005 | 20140121145701.0 | ||
| 008 | 770916s1978 nju bd 000 0 eng | ||
| 010 | _a 77014987 | ||
| 020 | _a0810810883 | ||
| 040 |
_aDLC _cDLC _dDLC |
||
| 043 | _af-uv--- | ||
| 050 | 0 | 0 |
_aDT553.U75 _bM3 |
| 082 | 0 | 0 | _a966/.25/003 |
| 100 | 1 |
_aMcFarland, Daniel Miles. _96863 |
|
| 245 | 1 | 0 |
_aHistorical dictionary of Upper Volta (Haute Volta) / _cby Daniel Miles McFarland. |
| 260 |
_aMetuchen, N.J. : _bScarecrow Press, _c1978. |
||
| 300 |
_axxi, 217 p. ; _c23 cm. |
||
| 440 | 0 |
_aAfrican historical dictionaries ; _vno. 14 _96864 |
|
| 504 | _aBibliography: p. 163-217. | ||
| 651 | 0 |
_aBurkina Faso _xHistory _xDictionaries. _96865 |
|
| 651 | 0 |
_aBurkina Faso _xHistory _xChronology. _96866 |
|
| 651 | 0 |
_aBurkina Faso _xBibliography. _96867 |
|
| 906 |
_a7 _bcbc _corignew _d1 _eocip _f19 _gy-gencatlg |
||
| 942 |
_2lcc _cMONOGRAPH |
||
| 999 |
_c119629 _d119629 |
||